Al Baqiyat -al- Salihat / الباقیات الصالحات Urdu) / (Record no. 187639)
[ view plain ]
| 000 -LEADER | |
|---|---|
| fixed length control field | 00437 a2200157 4500 |
| 003 - CONTROL NUMBER IDENTIFIER | |
| control field | NUST |
| 005 - DATE AND TIME OF LATEST TRANSACTION | |
| control field | 20230221131948.0 |
| 040 ## - CATALOGING SOURCE | |
| Transcribing agency | Nust |
| 082 ## - DEWEY DECIMAL CLASSIFICATION NUMBER | |
| Classification number | 297.122,NAS |
| 100 ## - MAIN ENTRY--PERSONAL NAME | |
| Personal name | Naseer u Din Syed |
| 9 (RLIN) | 109341 |
| 245 ## - TITLE STATEMENT | |
| Title | Al Baqiyat -al- Salihat / الباقیات الصالحات Urdu) / |
| Statement of responsibility, etc. | Brg Syed naseeruddin |
| 260 ## - PUBLICATION, DISTRIBUTION, ETC. | |
| Place of publication, distribution, etc. | Rawalpindi |
| Name of publisher, distributor, etc. | GHQ |
| Date of publication, distribution, etc. | 1982 |
| 300 ## - PHYSICAL DESCRIPTION | |
| Extent | 120:p. |
| 650 ## - SUBJECT ADDED ENTRY--TOPICAL TERM | |
| Topical term or geographic name entry element | Quran Verses |
| 9 (RLIN) | 109342 |
| 942 ## - ADDED ENTRY ELEMENTS (KOHA) | |
| Source of classification or shelving scheme | |
| Koha item type | Book |
| Call number prefix | 297.122,NAS |
| Withdrawn status | Lost status | Source of classification or shelving scheme | Damaged status | Not for loan | Permanent Location | Current Location | Shelving location | Date acquired | Full call number | Barcode | Date last seen | Price effective from | Koha item type | Public note |
|---|---|---|---|---|---|---|---|---|---|---|---|---|---|---|
| Military College of Signals (MCS) | Military College of Signals (MCS) | General Stacks | 12/12/2016 | 297.122,NAS | MCS34116 | 12/08/2016 | 12/12/2016 | Book | Almirah No.63, Shelf No.5 |
